=LDR 00000nam 2200000 4500 =001 INLIS000000000030022 =005 20130612132215 =008 ***********************************ind** =035 ##$$0010-061300000030022 =041 ##$$a ind =082 ##$$a 910 =090 ##$$a 910, TAN p =100 ##$$a Tanudijaya, Moh. Ma'mur =245 ##$$a Penuntun pelajaran geografi berdasarkan kurikulum 1984 untuk SMA Kelas II, Semester 3 dan 4 (program inti), Moh. Ma'mur Tanudidjaja, Omi Kartawidjaja =260 ##$$a 1986 $b Bandung =300 ##$$a 308 hlm., ilus., 21 cm =650 ##$$a Geografi =650 ##$$a Studi dan Pengajaran =700 ##$$a Kartawidjaya, Omi =850 ##$$a NBPNMAT =990 ##$$a 21603133/BPAP-NTB/2017